000 00468nam a2200193Ia 4500
003 GCL
008 140319s9999 xx 000 0 eng d
040 _aGCL /
_cGCL
082 0 4 _a786.2
_bD L
100 1 _aDURNIN, MICHAEL
245 1 0 _aLEARN TO PLAY BEETHOVEN /
_cDURNIN, MICHAEL
260 _a[S.N] :
_bUSBORNE PUBLISHING LTD ،
_c1993
300 _a64
650 0 4 _aPIANO
650 0 4 _aLEARNING
650 0 4 _aMUSIC
650 0 4 _aBEETHOVEN
942 _2ddc
_cBK
999 _c25250
_d25250